<?xml version="1.0" encoding="UTF-8"?><marc:collection xmlns:marc="http://www.loc.gov/MARC21/slim">
  <marc:record>
    <marc:leader>00000nam##2200000za#4500</marc:leader>
    <marc:controlfield tag="001">9.574159</marc:controlfield>
    <marc:controlfield tag="003">CaOODSP</marc:controlfield>
    <marc:controlfield tag="005">20210624184040</marc:controlfield>
    <marc:controlfield tag="007">cr |||||||||||</marc:controlfield>
    <marc:controlfield tag="008">150406|2004||||xxc|||||o    f|0| 0 eng|d</marc:controlfield>
    <marc:datafield tag="022" ind1=" " ind2=" ">
      <marc:subfield code="a">1488-5379</marc:subfield>
    </marc:datafield>
    <marc:datafield tag="040" ind1=" " ind2=" ">
      <marc:subfield code="a">CaOODSP</marc:subfield>
      <marc:subfield code="b">eng</marc:subfield>
    </marc:datafield>
    <marc:datafield tag="043" ind1=" " ind2=" ">
      <marc:subfield code="a">n-cn---</marc:subfield>
    </marc:datafield>
    <marc:datafield tag="086" ind1="1" ind2=" ">
      <marc:subfield code="a">Fs97-6/2567E-PDF</marc:subfield>
    </marc:datafield>
    <marc:datafield tag="110" ind1="1" ind2=" ">
      <marc:subfield code="a">Canada. </marc:subfield>
      <marc:subfield code="b">Department of Fisheries and Oceans. </marc:subfield>
      <marc:subfield code="b">Pacific Region.</marc:subfield>
    </marc:datafield>
    <marc:datafield tag="245" ind1="1" ind2="2">
      <marc:subfield code="a">A new longline survey to index inshore rockfish (Sebastes spp.) : </marc:subfield>
      <marc:subfield code="h">[electronic resource]</marc:subfield>
      <marc:subfield code="b">summary report on the pilot survey conducted in Statistical Areas 12 and 13, August 17-September 6, 2003 / </marc:subfield>
      <marc:subfield code="c">by J.K. Lochead and K.L. Yamanaka. </marc:subfield>
    </marc:datafield>
    <marc:datafield tag="260" ind1=" " ind2=" ">
      <marc:subfield code="a">Nanaimo - British Columbia : </marc:subfield>
      <marc:subfield code="b">Fisheries and Oceans Canada. </marc:subfield>
      <marc:subfield code="c">c2004.</marc:subfield>
    </marc:datafield>
    <marc:datafield tag="300" ind1=" " ind2=" ">
      <marc:subfield code="a">69p.</marc:subfield>
      <marc:subfield code="b">graphs, maps, references, tables</marc:subfield>
    </marc:datafield>
    <marc:datafield tag="490" ind1="1" ind2=" ">
      <marc:subfield code="a">Canadian technical report of fisheries and aquatic sciences</marc:subfield>
      <marc:subfield code="x">1488-5379</marc:subfield>
      <marc:subfield code="v">No. 2567</marc:subfield>
    </marc:datafield>
    <marc:datafield tag="500" ind1=" " ind2=" ">
      <marc:subfield code="a">Incorrect catalogue number (Fs 97-6/0000E) and the ISSN (0706-6457) for the print edition have been copied in this electronic publication.</marc:subfield>
    </marc:datafield>
    <marc:datafield tag="546" ind1=" " ind2=" ">
      <marc:subfield code="a">(Résumé en français)</marc:subfield>
    </marc:datafield>
    <marc:datafield tag="590" ind1=" " ind2=" ">
      <marc:subfield code="a">12-23-Supp</marc:subfield>
      <marc:subfield code="b">2012-05-28</marc:subfield>
    </marc:datafield>
    <marc:datafield tag="720" ind1="1" ind2=" ">
      <marc:subfield code="a">Lochead, J. K.</marc:subfield>
    </marc:datafield>
    <marc:datafield tag="720" ind1="1" ind2=" ">
      <marc:subfield code="a">Yamanaka, K. L.</marc:subfield>
    </marc:datafield>
    <marc:datafield tag="776" ind1="0" ind2="#">
      <marc:subfield code="t">A new longline survey to index inshore rockfish (Sebastes spp.) : </marc:subfield>
      <marc:subfield code="w">(CaOODSP)9.617453</marc:subfield>
    </marc:datafield>
    <marc:datafield tag="830" ind1="#" ind2="0">
      <marc:subfield code="a">Canadian technical report of fisheries and aquatic sciences,</marc:subfield>
      <marc:subfield code="x">1488-5379</marc:subfield>
      <marc:subfield code="v">No. 2567</marc:subfield>
      <marc:subfield code="w">(CaOODSP)9.504449</marc:subfield>
    </marc:datafield>
    <marc:datafield tag="856" ind1="4" ind2="0">
      <marc:subfield code="a">http://publications.gc.ca</marc:subfield>
      <marc:subfield code="q">PDF</marc:subfield>
      <marc:subfield code="s">8.60 MB</marc:subfield>
      <marc:subfield code="u">https://publications.gc.ca/collections/collection_2012/mpo-dfo/Fs97-6-2567-eng.pdf</marc:subfield>
      <marc:subfield code="y">No. 2567</marc:subfield>
    </marc:datafield>
  </marc:record>
</marc:collection>
